000 00763cam a22002533a 4500
001 14178
003 PGUSA
005 20140828083314.0
008 041127s2004||||xxu|||||s|||||000 | eng d
040 _aPGUSA
_beng
042 _adc
050 4 _aTL
100 1 _aUildriks, Frederike J. van,
_d1854-1919
245 1 0 _aOmhoog in het luchtruim! Praatje over het luchtvaartvraagstuk :
_bDe Aarde en haar Volken, 1908
_h[electronic resource] /
_cFrederike J. van Uildriks
260 _bProject Gutenberg,
_c2004
506 _aPublic domain in the USA.
516 _aElectronic text
653 _aAirplanes
653 _aAirships
653 _aBalloons
830 0 _aProject Gutenberg
_v14178
856 4 0 _uhttp://www.gutenberg.org/ebooks/14178
942 _cEB
999 _c243433
_d243433